| 000 | 00515nam a2200169 a 4500 | ||
|---|---|---|---|
| 020 | _a0078816475 : | ||
| 082 | 0 | 0 |
_a005.8 _bLEV _cD |
| 100 | 1 |
_aLevin, Richard B. _936909 |
|
| 245 | 1 | 4 |
_aThe computer virus handbook / _cRichard B. Levin. |
| 260 |
_aBerkeley : _bOsborne McGraw-Hill, _cc1990. |
||
| 300 |
_axxvii, 411 p. ; _c24 cm. |
||
| 500 | _aIncludes index. | ||
| 526 |
_a0 _b0 _c0 _d005_800000000000000_LEV |
||
| 650 | 0 |
_aComputer viruses _xHandbooks, manuals, etc. _936910 |
|
| 650 | 0 |
_aMCE _9379 |
|
| 942 |
_2ddc _cBK |
||
| 999 |
_c541860 _d541860 |
||